00895cam a2200301 a 45000010008000000030004000080050017000120080041000290100017000700200015000870350012001020400018001140500022001320820014001541000022001682450086001902500012002762600033002883000042003213360026003633370028003893380027004175040053004446500025004976500031005227000022005537000018005754049829OSt20260129084103.0990624s2000 nyua b 001 0 eng  a 99037760  a032102060X a4049829 aDLCcDLCdDLC00aLB1573b.V32 200000a372.42211 aVacca, Jo Anne L.10aReading and learning to read /cJo Anne L. Vacca, Richard T. Vacca, Mary K. Gove. a4th ed. aNew York :bLongman,cc2000. axviii, 642, [44] p. :bill. ;c24 cm. atextbtxt2rdacontent aunmediatedbn2rdamedia avolumebnc2rdacarrier aIncludes bibliographical references and indexes. 0aReading (Elementary) 0aLanguage arts (Elementary)1 aVacca, Richard T.1 aGove, Mary K.